Normal view
MARC view
- Balasubramanian, D
Entry Personal Name
001 - CONTROL NUMBER
- control field: 146
003 - CONTROL NUMBER IDENTIFIER
- control field: OSt
005 - DATE AND TIME OF LATEST TRANSACTION
- control field: 20141210113555.0
008 - FIXED-LENGTH DATA ELEMENTS
- fixed length control field: 141210|| aca||aabn | a|a d
040 ## - CATALOGING SOURCE
- Original cataloging agency: OSt
- Transcribing agency: OSt
100 ## - HEADING--PERSONAL NAME
- Personal name: Balasubramanian, D
670 ## - SOURCE DATA FOUND
- Source citation: Work cat.: (OSt): Balasubramanian, D Bryce, C F A Dharmalingam,K etc, Concepts in Biotechnology , 2007
